Normal view
MARC view
- عيسى، احمد نبوي
Entry Personal Name
001 - CONTROL NUMBER
- control field: 42901
003 - CONTROL NUMBER IDENTIFIER
- control field: JO-AjAnu
005 - DATE AND TIME OF LATEST TRANSACTION
- control field: 20230606081120.0
008 - FIXED-LENGTH DATA ELEMENTS
- fixed length control field: 230606|| aca||aabn | a|a d
040 ## - CATALOGING SOURCE
- Original cataloging agency: JO-AjAnu
- Transcribing agency: JO-AjAnu
100 ## - HEADING--PERSONAL NAME
- Personal name: عيسى، احمد نبوي
670 ## - SOURCE DATA FOUND
- Source citation: Work cat.: (JO-AjAnu)21972: عيسى، احمد نبوي , author, زراعة القوقعة الالكترونية للاطفال الصم الدليل العلمي للاباء والمعلمين